Normal view
MARC view
- Graham E. Caldwell
Entry Personal Name
001 - CONTROL NUMBER
- control field: 996
003 - CONTROL NUMBER IDENTIFIER
- control field: NUST
005 - DATE AND TIME OF LATEST TRANSACTION
- control field: 20170517155020.0
008 - FIXED-LENGTH DATA ELEMENTS
- fixed length control field: 170517|| aca||aabn | a|a d
040 ## - CATALOGING SOURCE
- Original cataloging agency: NUST
- Transcribing agency: NUST
100 ## - HEADING--PERSONAL NAME
- Personal name: Graham E. Caldwell
- Dates associated with a name: 1954-
- Relator term: author.
670 ## - SOURCE DATA FOUND
- Source citation: Work cat.: (NUST)0: D. Gordon E. Robertson 1950- author. 993, Research methods in biomechanics /
